Japanese Cities in Spring - Statistics

General Stats
  • This quiz has been taken 22 times
  • The average score is 5 of 9
Answer Stats
Picture Answer % Correct
Tokyo
86%
Kyoto
62%
Nara
62%
Fukui
57%
Nagasaki
52%
Hakodate
48%
Kagoshima
33%
Kanazawa
33%
Morioka
29%
No matching quizzes found
Score Distribution
Percent of People with Each Score
Percentile by Number Answered
Your Score History
You have not taken this quiz